00623nam a22001577a 450000500170000000800410001710000330005824500890009126000090018030000300018950000860021950000310030594200160033699900150035295200980036720171010095508.0110705t xxu||||| |||| 00| 0 eng d aAguinaldo, Marilyn C. 91876 cMarilyn C. AguinaldoaMicroclimate modification through tobacco-legume intercropping c1984 axiii, 102 leaves c28 cm. aThesis (M.S. Agrometeorology) -- University of the Philippines, Los Banos, Laguna aBibliography: leaves 85-90 2lcccTHEDIS c9697d9697 00102lcc4070aREFbREFd2017-10-10l0p4r2012-08-10w2017-10-10yTHEDISzLibrary Use only